000 00584nam a22002177a 4500
003 UA-OsUOA
001 56607
007 ta
008 20081104b un ||||| |||| 00| 0 ukr d
100 _aСкуба В.
090 _a908
_bС46
942 _cSA
040 _aUA-OsUOA
_bukr
_cUA-OsUOA
_dUA-OsUOA
245 _aВ Острозькій академії вивчатимуть китайську
300 _aС.4
955 _a0
041 _aukr
080 _a908
773 0 _w56606
_tВільне слово
_dРівне
_d2006
_g83
650 7 _a908 Краєзнавство
_2UDC
999 _c342694
_d342694